Statistics for Salt - All Lyrics - Ava Max

Click here to take the quiz!

General Stats

  • This quiz has been taken 105 times
  • The average score is 238 of 297

Answer Stats

Answer% Correct
I
100%
no
97%
you
97%
Not
95%
not
95%
I'm
94%
salt
94%
Salt
94%
to
94%
of
91%
all
89%
and
88%
when
88%
When
88%
cry
86%
gonna
86%
too
86%
out
85%
what
83%
'Cause
82%
give
82%
good
82%
look
82%
my
80%
way
80%
got
78%
tonight
78%
want
78%
it
77%
like
77%
Like
77%
feel
75%
I've
74%
me
74%
Tears
74%
that's
74%
That's
74%
Won't
74%
are
72%
about
71%
breaking
71%
news
71%
it's
69%
your
69%
But
68%
dry
68%
Woman
68%
woman
68%
Wonder
68%
been
66%
Monroe
66%
on
66%
lipstick
65%
running
65%
from
63%
Oh-oh
63%
hearts
62%
learned
62%
most
60%
in
58%
pops
58%
the
58%
thigh
52%
You're
49%
highs
48%
into
45%
more
45%
'bout
43%
celebrate
43%
head
43%
push
40%
cake,
38%
snake
38%
arm
35%
Saint
35%
Laurent
34%
snakeskin
32%
pulling
31%

Score Distribution

Percentile by Number Answered

Percent of People with Each Score

Your Score History

You have not taken this quiz